000 00732nam a22001577a 4500
005 20120214105630.0
020 _a9788173159367
_c40.00
082 _a
100 _aकाश्यप, हरिशंकर
_941857
245 _aरिम-झिम-झिम /
_cहरिशंकर काश्यप
260 _aनई दिल्ली
_bप्रभात प्रकाशन
_c2011
270 _a4/19, आसफ अली रोड
_bनई दिल्ली
_e110002
300 _a16पृ.
_bसचित्र
_c28सेमी (अजिल्द)
942 _2ddc
_cCH
_h
_mकाश्यप
999 _c62688
_d62688